Female Marvel Villains by Picture - Statistics

General Stats
  • This quiz has been taken 51 times
  • The average score is 9 of 16
Answer Stats
Picture Answer % Correct
Hela
96%
Mystique
96%
Nebula
96%
Black Cat
90%
Dark Phoenix
76%
Enchantress
76%
Viper
67%
Lady Deathstrike
55%
Titania
55%
Madame Masque
43%
Diamondback
33%
Typhoid Mary
33%
Moonstone
31%
Morgan le Fay
29%
Black Mamba
27%
Asp
14%
No matching quizzes found
Score Distribution
Percent of People with Each Score
Percentile by Number Answered
Your Score History
You have not taken this quiz